000 00869nam a22003017a 4500
003 CHAP
005 20220329135539.0
008 971013s1838 r 00010 d
010 _a38293
011 _a39265
035 _a43385
040 _cCHAP
082 _a530
_bP4
100 0 0 _aPéclet, E.
_989485
245 _aTraité élémetaire de physique
250 _a3 ed.
260 _aParís :
_bChez L. Hachette,
_c1838
300 _a2 v.
_b: ilus.
590 _aBATCH-UPD
_b10
_c20130110
_lUCH01
_h1406
590 _aBATCH-UPD
_b10
_c20130410
_lUCH01
_h0855
590 _aBATCH-UPD
_b10
_c20130914
_lUCH01
_h1422
590 _aCONVERSION
_b10
_c20130109
_lUCH01
_h1321
650 1 4 _aFísica.
_941975
901 _aBK
942 _cLIBRO
949 _a530 P4
_bBC
_cBPP
_d-99425
_eBPP
_fv.1
_h7596
_i43385
_si
949 _a530 P4
_bBC
_cBPP
_d-99426
_eBPP
_fv.2
_h7597
_i43385
_si
999 _c38293
_d38293